Advance Australia Fair - Lyrics - Statistics

General Stats
  • This quiz has been taken 17 times
  • The average score is 17 of 20
Answer Stats
% Correct
{Advance} {Australia} {Fair}.
100%
{Advance} {Australia} {Fair}.
100%
{Advance} {Australia} {Fair}.
100%
Australians let us all {rejoice},
100%
For we are young and {free};
100%
Of {beauty} rich and rare;
100%
Our home is girt by {sea};
100%
To {Advance} {Australia} {Fair}.
100%
We've {golden} {soil} and wealth for toil;
100%
In {history's} page, let every stage
92%
Our land abounds in {nature's} {gifts}
92%
Beneath our radiant {Southern} {Cross}
77%
In {joyful} {strains} then let us sing,
77%
In {joyful} {strains} then let us sing,
77%
We'll toil with {hearts} and hands;
77%
For those who've come {across} {the} {seas}
69%
To make this {Commonwealth} of ours
69%
We've {boundless} {plains} to share;
69%
With {courage} let us all combine
69%
Renowned of all the {lands};
62%
No matching quizzes found
Score Distribution
Percent of People with Each Score
Percentile by Number Answered
Your Score History
You have not taken this quiz